书目信息 |
| 题名: |
中国消防简史
|
|
| 作者: | 孟正夫 著 | |
| 分册: | ||
| 出版信息: | 北京 群众出版社 1984 |
|
| 页数: | 258页 | |
| 开本: | 21cm | |
| 丛书名: | ||
| 单 册: | ||
| 中图分类: | D631.5-09 | |
| 科图分类: | ||
| 主题词: | 交通--治安管理--中国--历史 | |
| 电子资源: | ||
| ISBN: | ||
| 000 | 00630nam0 2200229 45 | |
| 001 | 0184010525 | |
| 005 | 20050620141820.7 | |
| 010 | @dCNY1.30 | |
| 091 | @a3067.184 | |
| 100 | @a19950612d1984 em y0chiy0121 ea | |
| 101 | 0 | @achi |
| 102 | @aCN@b110000 | |
| 105 | @af z 000yy | |
| 200 | 10 | @a中国消防简史@Azhong guo xiao fang jian shi@f孟正夫著@FMeng Zheng Fu Zhu |
| 210 | @a北京@c群众出版社@d1984 | |
| 215 | @a258页@c图@d21cm | |
| 606 | @a交通@x治安管理@x中国@x历史 | |
| 690 | @aD631.5-09@v3 | |
| 701 | 0 | @a孟正夫@4著 |
| 801 | 0 | @aCN@b上海图书馆@c20040422 |
| 801 | 2 | @aCN@bNLC@c20040422 |
| 905 | @dD631.5-09@e3@f1@b130035 | |
| 中国消防简史/孟正夫著.-北京:群众出版社,1984 |
| 258页:图;21cm |
| ISBN :CNY1.30 |
| ● |
| 相关链接 |
|
|
|
|
正题名:中国消防简史
索取号:D631.5-09/3
 
预约/预借
| 序号 | 登录号 | 条形码 | 馆藏地/架位号 | 状态 | 备注 |
| 1 | 0130033 | 000374650 | 密集书库/ [索取号:D631.5-09/3] | 在馆 | |
| 2 | 0130034 | 000375169 | 密集书库/ [索取号:D631.5-09/3] | 在馆 | |
| 3 | 0130035 | 000374669 | 第一样本阅览室/ [索取号:D631.5-09/3] | 在馆 |